000 00476nam a2200145 a 4500
008 120416s0000 ||||||||||||||||| || u
020 _a0491000650
050 _aPN 2287.G3 Zie
100 _aZierold, Norman
245 1 0 _aGarbo
260 _aLondon
_bW. H. Allen
_c1970
300 _a196p. : ill.
350 _a0.00
995 _D0.00
_FCBU-MAIN LIBRARY (Kitwe)
_H1
_I2.50
_M1
_UAVAILABLE
_ZAnnex Low-Usage Collection
999 _c44297
_d44297